| 000 | 01142nac a22002891u 4500 | ||
|---|---|---|---|
| 010 | _a 2002318891 | ||
| 020 | _a1853395455 | ||
| 035 | _a(OCoLC)ocm48783191 | ||
| 082 |
_a628 _bDAV |
||
| 090 |
_c5645 _d5645 |
||
| 100 | _aDavis, Jan. | ||
| 245 | 1 | 0 |
_aEngineering in emergencies : _ba practical guide for relief workers / _cJan Davis and Robert Lambert. |
| 250 | _a2nd ed. | ||
| 260 |
_aLondon : _bITDG,c.2002. _cc.2002. |
||
| 300 |
_a736 p. : _bill. ; _c24 cm. + _e1 CD-ROM (4 3/4 in.) |
||
| 500 | _aPrevious ed: 1995. | ||
| 500 | _aDistributer : Al-Ahram. | ||
| 504 | _aIncludes bibliographical references (p. 698-704) and index. | ||
| 511 | _aCatalogued By : Mahitab. | ||
| 650 | 0 |
_aDisaster relief _vHandbooks, manuals, etc. |
|
| 650 | 0 |
_aEnvironmental engineering _vHandbooks, manuals, etc. |
|
| 650 | 0 |
_aSanitation engineering _vHandbooks, manuals, etc. |
|
| 650 | 0 |
_aWater-supply engineering _vHandbooks, manuals, etc. |
|
| 700 | 1 |
_aLambert, Robert, _d1958- |
|
| 942 |
_cBB _k628 DAV |
||
| 999 |
_c5645 _d5645 |
||